[Event "European Youth Chess Championship G12"]
[Site "Prague, Top Hotel Prague"]
[Date "2016.08.24"]
[Round "6.20"]
[White "Ozbek, Busra"]
[Black "Sleurs, Juliette"]
[Result "1-0"]
[WhiteElo "1660"]
[BlackElo "1479"]
[PlyCount "113"]
[EventDate "2016.08.18"]

1. d4 d5 2. Nf3 Nf6 3. e3 Bf5 4. c4 c6 5. Nc3 e6 6. Be2 Bd6 7. Qb3 Qb6 8. c5
Qxb3 9. axb3 Bc7 10. Bd2 Nbd7 11. O-O O-O 12. b4 a6 13. Nh4 Bg4 14. f3 Bh5 15.
g4 Bg6 16. Nxg6 hxg6 17. Be1 e5 18. Bg3 Rfe8 19. Kf2 Rac8 20. Nb1 exd4 21. exd4
Bxg3+ 22. hxg3 Re7 23. Nd2 Rce8 24. Rae1 Re3 25. Bd1 Rxe1 26. Rxe1 Rxe1 27.
Kxe1 Nh7 28. Nb3 Ng5 29. Na5 Ne6 30. Nb3 g5 31. Kd2 f6 32. Bc2 Kf7 33. Bf5 Ndf8
34. Ke3 g6 35. Bd3 Ke7 36. Na5 Nd8 37. f4 Kd7 38. f5 gxf5 39. gxf5 Kc7 40. Kf3
Nf7 41. Kg4 Nh6+ 42. Kh5 Nf7 43. Nb3 Kd7 44. Nd2 Ke7 45. Nf3 Ke8 46. Nh2 Nd8
47. Kh6 Kf7 48. Be2 Ke7 49. Kg7 Nd7 50. Bh5 b6 51. Ng4 b5 52. Nh6 Nb7 53. Ng8+
Kd8 54. Nxf6 Ke7 55. Nxd7 Kxd7 56. f6 Nd8 57. Bg4+ 1-0

[Event "European Youth Chess Championship G12"]
[Site "Prague, Top Hotel Prague"]
[Date "2016.08.24"]
[Round "6.21"]
[White "Bellahcene, Sofia"]
[Black "Kostina, Veronika"]
[Result "0-1"]
[WhiteElo "1603"]
[BlackElo "1309"]
[PlyCount "76"]
[EventDate "2016.08.18"]

1. e4 c5 2. Nf3 d6 3. Bb5+ Bd7 4. Bxd7+ Qxd7 5. O-O Nf6 6. Qe2 Nc6 7. c3 e6 8.
d4 cxd4 9. cxd4 d5 10. e5 Ne4 11. Nbd2 Nxd2 12. Bxd2 Be7 13. Rfc1 O-O 14. a3
Rfc8 15. b4 a6 16. Bc3 Rc7 17. Nd2 Bg5 18. Qd3 Rac8 19. Rc2 Nxe5 20. dxe5 Bxd2
21. Qxd2 d4 22. Rd1 Qd5 23. h3 Rxc3 24. Rxc3 dxc3 25. Qxd5 exd5 26. Kf1 c2 27.
Rc1 Kf8 28. Ke2 Ke7 29. f4 Ke6 30. g4 g5 31. fxg5 Kxe5 32. Kd3 Kf4 33. Kd4 Kxg5
34. Kxd5 Kh4 35. Ke5 Kxh3 36. Kf4 Kg2 37. Ke3 h6 38. Kd3 Kf3 0-1

[Event "European Youth Chess Championship G12"]
[Site "Prague, Top Hotel Prague"]
[Date "2016.08.24"]
[Round "6.22"]
[White "Kasaeva, Sofiia"]
[Black "Guillo, Longares Cecilia"]
[Result "1-0"]
[WhiteElo "1514"]
[BlackElo "1845"]
[PlyCount "95"]
[EventDate "2016.08.18"]

1. e4 c5 2. Nf3 Nc6 3. d4 cxd4 4. Nxd4 g6 5. Nxc6 bxc6 6. Qd4 Nf6 7. e5 Nd5 8.
e6 Nf6 9. exf7+ Kxf7 10. Qc4+ e6 11. Bd3 Bg7 12. O-O Rf8 13. Nd2 Qc7 14. Nf3 d5
15. Qh4 e5 16. Ng5+ Kg8 17. Be2 Bf5 18. c3 Rae8 19. Re1 Bh8 20. Be3 c5 21. b4
cxb4 22. cxb4 d4 23. Rac1 Qe7 24. Bc4+ Kg7 25. Bxd4 h6 26. Nf3 Qxb4 27. Nxe5
Kh7 28. Be3 Bg7 29. Bg8+ Rxg8 30. Qxb4 Rxe5 31. Bd4 Nd5 32. Qb7 Bc8 33. Qxa7
Rxe1+ 34. Rxe1 Nf4 35. Bxg7 Rxg7 36. Re7 Ne6 37. Rxg7+ Nxg7 38. a4 Be6 39. a5
Bc4 40. a6 Bxa6 41. Qxa6 h5 42. h3 g5 43. Qd3+ Kh6 44. Qd8 Kh7 45. Qxg5 Kh8 46.
f4 h4 47. f5 Nxf5 48. Qxf5 1-0

[Event "European Youth Chess Championship G12"]
[Site "Prague, Top Hotel Prague"]
[Date "2016.08.24"]
[Round "6.23"]
[White "Dimitrijevic, Andjela"]
[Black "Zeliantsova, Kseniya"]
[Result "0-1"]
[WhiteElo "1468"]
[BlackElo "1723"]
[PlyCount "42"]
[EventDate "2016.08.18"]

1. e4 Nf6 2. e5 Nd5 3. d4 d6 4. Nf3 Nc6 5. exd6 exd6 6. c4 Nb6 7. d5 Ne5 8.
Nxe5 dxe5 9. b3 Bc5 10. Bb2 O-O 11. Be2 Qg5 12. Bf3 e4 13. Be2 Qxg2 14. Rf1
Qxh2 15. Qd2 Bh3 16. Qg5 f6 17. Qh4 e3 18. Ba3 Bxa3 19. Nxa3 Qe5 20. Qxh3 Qc3+
21. Kd1 Qd2# 0-1

[Event "European Youth Chess Championship G12"]
[Site "Prague, Top Hotel Prague"]
[Date "2016.08.24"]
[Round "6.24"]
[White "Pipiras, Filipa Fortuna"]
[Black "Karavitaki, Evaggelia"]
[Result "0-1"]
[WhiteElo "1468"]
[BlackElo "1581"]
[PlyCount "92"]
[EventDate "2016.08.18"]

1. d4 d5 2. c4 e6 3. Nc3 c6 4. e4 dxe4 5. Nxe4 Nd7 6. Bf4 Ndf6 7. Nc3 Ne7 8.
Nf3 Nf5 9. Be2 Be7 10. O-O O-O 11. Bd3 Re8 12. Bxf5 exf5 13. Ne5 Be6 14. Ne2
Ne4 15. f3 Nd6 16. b3 f6 17. Nd3 b6 18. Bg3 Nb7 19. Ndf4 Bf7 20. Qc2 g6 21.
Rad1 b5 22. d5 Qb6+ 23. Bf2 Bc5 24. dxc6 Qxc6 25. Nd5 Bxd5 26. Rxd5 Bxf2+ 27.
Rxf2 bxc4 28. Qxc4 Qxc4 29. bxc4 Rec8 30. Rd7 Na5 31. Rd6 Kf7 32. Rd7+ Kg8 33.
Rd6 Kg7 34. Rd7+ Kg8 35. Rd6 Rxc4 36. Rxf6 Rc2 37. Nd4 Rc1+ 38. Rf1 Rc4 39. Nb3
Nxb3 40. axb3 Rc2 41. Ra6 Rd8 42. Rf2 Rd1+ 43. Rf1 Rdd2 44. g3 Rg2+ 45. Kh1
Rxh2+ 46. Kg1 Rcg2# 0-1

[Event "European Youth Chess Championship G12"]
[Site "Prague, Top Hotel Prague"]
[Date "2016.08.24"]
[Round "6.25"]
[White "Mihailova, Alina"]
[Black "Bolu, Yagmur"]
[Result "1-0"]
[WhiteElo "1579"]
[BlackElo "1510"]
[PlyCount "121"]
[EventDate "2016.08.18"]

1. d4 d5 2. c4 e6 3. Nc3 Nf6 4. cxd5 exd5 5. Bg5 Be7 6. e3 O-O 7. Bd3 c6 8.
Nge2 Nbd7 9. O-O Re8 10. f3 Nf8 11. Bh4 Be6 12. Nf4 Rc8 13. Re1 a6 14. Bf2 c5
15. Rc1 cxd4 16. exd4 Bd6 17. Nxe6 Nxe6 18. Bf5 Bf4 19. Rb1 Rc6 20. Bh4 Ng5 21.
Bf2 g6 22. Bd3 Rxe1+ 23. Qxe1 Re6 24. Qd1 Re7 25. h4 Ne6 26. Qb3 b5 27. a4 bxa4
28. Qxa4 a5 29. Ra1 Bc7 30. Nb5 Bb6 31. Be1 Nf4 32. Bf1 Qa8 33. g3 Ne6 34. Bxa5
Bxa5 35. Qxa5 Qxa5 36. Rxa5 Ng7 37. Ra8+ Re8 38. Rxe8+ Nfxe8 39. g4 Ne6 40. Kf2
Kf8 41. Ke3 Ke7 42. Nc3 N8c7 43. b4 Kd6 44. b5 Na8 45. Na4 f6 46. f4 Ng7 47.
Be2 h6 48. Bd3 g5 49. fxg5 fxg5 50. hxg5 hxg5 51. Kd2 Kc7 52. Kc3 Nb6 53. Nc5
Kd6 54. Kb4 Kc7 55. Bg6 Nc4 56. Bf7 Ne3 57. Ka5 Nc2 58. b6+ Kc6 59. b7 Kc7 60.
Bxd5 Nxd4 61. Na6+ 1-0

[Event "European Youth Chess Championship G12"]
[Site "Prague, Top Hotel Prague"]
[Date "2016.08.24"]
[Round "6.26"]
[White "Shehzad, Alisha"]
[Black "Koksa, Jelena"]
[Result "1/2-1/2"]
[WhiteElo "1528"]
[BlackElo "1463"]
[PlyCount "122"]
[EventDate "2016.08.18"]

1. e4 e5 2. Nf3 Nc6 3. Nc3 Nf6 4. a3 d5 5. Bb5 Nxe4 6. Qe2 a6 7. Bxc6+ bxc6 8.
Nxe4 dxe4 9. Qxe4 Qd5 10. Qxe5+ Qxe5+ 11. Nxe5 Bb7 12. O-O Bd6 13. Re1 Bxe5 14.
Rxe5+ Kd7 15. d3 Rhe8 16. Rxe8 Rxe8 17. Be3 h5 18. Re1 f5 19. Kf1 c5 20. f3 Re5
21. Bf2 Rxe1+ 22. Kxe1 Kd6 23. Kd2 g5 24. Ke2 Kd5 25. b3 Bc8 26. h4 g4 27. fxg4
fxg4 28. Kd2 Bb7 29. g3 Bc8 30. Be3 c6 31. Bg5 Kd6 32. Ke3 Bf5 33. Kf4 Bg6 34.
Bf6 Bf7 35. Bd8 Kd7 36. Bb6 Kd6 37. d4 cxd4 38. Bxd4 Bg6 39. c4 Bf7 40. a4 Be6
41. Kg5 Bf7 42. Kf6 Be8 43. b4 Kc7 44. Ke7 Bg6 45. Be5+ Kb7 46. Kd6 Bd3 47. Kc5
Bg6 48. b5 cxb5 49. axb5 axb5 50. Kxb5 Kc8 51. Kb6 Bf7 52. c5 Bd5 53. c6 Bf7
54. Kc5 Bg6 55. c7 Bf7 56. Kd6 Be8 57. Ke7 Ba4 58. Kf6 Be8 59. Bd6 Bb5 60. Kg6
Be8+ 61. Kh6 Bf7 1/2-1/2

[Event "European Youth Chess Championship G12"]
[Site "Prague, Top Hotel Prague"]
[Date "2016.08.24"]
[Round "6.27"]
[White "Dgebuadze, Marie"]
[Black "Tryggestad, Linnea Garberg"]
[Result "1/2-1/2"]
[WhiteElo "1449"]
[BlackElo "1528"]
[PlyCount "105"]
[EventDate "2016.08.18"]

1. e4 c6 2. d4 d5 3. exd5 cxd5 4. Bd3 Nc6 5. c3 Nf6 6. Nf3 Bg4 7. Bf4 e6 8. Qb3
Qc8 9. Ne5 Nxe5 10. Bxe5 Nd7 11. Bg3 Be7 12. O-O O-O 13. Nd2 Nb6 14. Rfe1 Rd8
15. Qc2 h6 16. Re3 Bg5 17. f4 Bf6 18. h3 Bf5 19. Bxf5 exf5 20. Qd3 Re8 21. Rae1
Rxe3 22. Rxe3 Qd7 23. b3 Re8 24. Rxe8+ Qxe8 25. Bf2 Qe6 26. Qe3 Qxe3 27. Bxe3
Kf8 28. Kf2 Ke7 29. Nf3 Nc8 30. Ne5 Nd6 31. Ke2 Ne4 32. Kd3 Bxe5 33. dxe5 b6
34. g4 fxg4 35. hxg4 Nc5+ 36. Bxc5+ bxc5 37. b4 cxb4 38. cxb4 Ke6 39. Kd4 g6
40. a4 h5 41. f5+ Ke7 42. Kxd5 hxg4 43. fxg6 fxg6 44. Ke4 g3 45. Kf3 Ke6 46. b5
Kxe5 47. a5 Kd6 48. Kxg3 Kc5 49. b6 axb6 50. axb6 Kxb6 51. Kg4 Kc6 52. Kg5 Kd6
53. Kxg6 1/2-1/2

[Event "European Youth Chess Championship G12"]
[Site "Prague, Top Hotel Prague"]
[Date "2016.08.24"]
[Round "6.28"]
[White "Zarebska, Lena"]
[Black "Sild, Marta Pauliine"]
[Result "1-0"]
[WhiteElo "1522"]
[BlackElo "1239"]
[PlyCount "99"]
[EventDate "2016.08.18"]

1. e4 e5 2. f4 d5 3. exd5 exf4 4. Nc3 Nf6 5. Be2 Nxd5 6. Nf3 Nc6 7. O-O Bc5+ 8.
d4 Nxc3 9. bxc3 Bd6 10. Re1 O-O 11. Bb5 a6 12. Ba4 Bg4 13. Rb1 b5 14. Bb3 Rb8
15. Qd3 Re8 16. Bd2 h6 17. c4 Rxe1+ 18. Rxe1 Qf6 19. c5 Bf8 20. Bc3 Bf5 21. Qd2
Qg6 22. Qxf4 Rc8 23. Nh4 Qf6 24. Qxf5 Qxf5 25. Nxf5 Rd8 26. Rd1 Bxc5 27. Kf1
Bf8 28. Bb2 Ne5 29. Re1 Ng6 30. g3 c6 31. a4 Rb8 32. axb5 Rxb5 33. Ne3 a5 34.
Nc4 Rf5+ 35. Kg2 c5 36. Re8 Kh7 37. Ne3 Rg5 38. Bxf7 Bd6 39. Nc4 Bf4 40. dxc5
h5 41. Re6 Nh8 42. Be8 h4 43. g4 Rxc5 44. Na3 Rd5 45. h3 Bg3 46. Kf3 Rd2 47.
Re7 Rf2+ 48. Ke3 Rf1 49. Rxg7+ Kh6 50. g5# 1-0

[Event "European Youth Chess Championship G12"]
[Site "Prague, Top Hotel Prague"]
[Date "2016.08.24"]
[Round "6.29"]
[White "Katter, Katharina"]
[Black "Toncheva, Nadya"]
[Result "0-1"]
[WhiteElo "1380"]
[BlackElo "1689"]
[PlyCount "132"]
[EventDate "2016.08.18"]

1. e4 c5 2. Nc3 Nc6 3. f4 g6 4. Nf3 Bg7 5. Bb5 Nd4 6. O-O e6 7. e5 a6 8. Be2
Nxe2+ 9. Qxe2 d5 10. d4 c4 11. b3 cxb3 12. axb3 Ne7 13. Na4 b6 14. Ba3 Rb8 15.
Bd6 Ra8 16. Qd2 b5 17. Nb2 O-O 18. Nd3 Re8 19. Qc3 Nf5 20. Bb4 Bf8 21. Bxf8
Rxf8 22. Ra5 h6 23. Rfa1 Qb6 24. Qc5 Qb7 25. Nb4 Bd7 26. Qc3 Rac8 27. Qd2 Rc7
28. Rxa6 Qc8 29. R1a2 Bc6 30. Nd3 Qd7 31. Nc5 Qe7 32. Qa5 Rfc8 33. Ra7 Rxa7 34.
Qxa7 Rc7 35. Qa3 Be8 36. c3 Nh4 37. Ne1 g5 38. g3 Ng6 39. Ned3 gxf4 40. Nxf4
Nxf4 41. gxf4 Qh4 42. Qc1 Re7 43. Rf2 f6 44. Qe1 Rg7+ 45. Kf1 Bh5 46. Qe3 Qg4
47. Rd2 fxe5 48. dxe5 Qf5 49. Nd3 Kh8 50. b4 Rc7 51. Nc5 Ra7 52. Nd3 Ra1+ 53.
Ne1 Bg4 54. Kg2 Qg6 55. Kf1 Qh5 56. Qg3 Qg6 57. Qe3 Qf5 58. Kg2 h5 59. h4 Qg6
60. Kf2 Qf7 61. Nd3 Qe7 62. Qg3 Qa7+ 63. Qe3 Rf1+ 64. Kxf1 Qxe3 65. Ra2 Qxd3+
66. Kf2 Qxc3 0-1

[Event "European Youth Chess Championship G12"]
[Site "Prague, Top Hotel Prague"]
[Date "2016.08.24"]
[Round "6.30"]
[White "Rahulan, Thivyaa"]
[Black "Babineca, Darja"]
[Result "1-0"]
[WhiteElo "1428"]
[BlackElo "1686"]
[PlyCount "131"]
[EventDate "2016.08.18"]

1. e4 e5 2. Nf3 Nc6 3. Bc4 Bc5 4. c3 Nf6 5. d3 d6 6. Nbd2 Be6 7. Bb3 h6 8. h3
Qd7 9. Nf1 d5 10. Qe2 dxe4 11. dxe4 Bxb3 12. axb3 O-O-O 13. Ng3 g6 14. b4 Bb6
15. b5 Nb8 16. Nxe5 Qe6 17. Nc4 h5 18. Nxb6+ axb6 19. f3 h4 20. Nf1 Nh5 21. Be3
f6 22. Qc2 Qc4 23. Qa4 Qxa4 24. Rxa4 Rd3 25. Rd4 Rxd4 26. cxd4 c6 27. bxc6 bxc6
28. Kf2 Na6 29. Bd2 Rd8 30. Ke3 g5 31. Rg1 Nf4 32. Bc3 Re8 33. Kd2 Rd8 34. Ne3
Nc5 35. Kc2 Na4 36. Rd1 Nxc3 37. bxc3 Kd7 38. d5 Kc7 39. c4 c5 40. Rd2 Kd7 41.
Ng4 Nh5 42. e5 f5 43. Ne3 Ng3 44. Kb3 Ra8 45. Ra2 Rxa2 46. Kxa2 f4 47. Ng4 Nf5
48. Nf6+ Kd8 49. Ne4 Ne3 50. Kb3 Nxg2 51. Nxg5 Ne1 52. Ne6+ Kc8 53. Nxf4 Nxf3
54. e6 Kc7 55. Kc3 Ng5 56. Ng6 Nxh3 57. Nxh4 Ng5 58. Nf5 Nh7 59. Kb3 Nf6 60.
Ka4 Ne8 61. Kb5 Nf6 62. d6+ Kb7 63. e7 Ne8 64. d7 Nd6+ 65. Nxd6+ Ka7 66. Nc8+
1-0

[Event "European Youth Chess Championship G12"]
[Site "Prague, Top Hotel Prague"]
[Date "2016.08.24"]
[Round "6.31"]
[White "Korenova, Simona"]
[Black "Lobanova, Milana"]
[Result "1/2-1/2"]
[WhiteElo "1612"]
[BlackElo "1348"]
[PlyCount "89"]
[EventDate "2016.08.18"]

1. c4 Nf6 2. Nf3 g6 3. Nc3 Bg7 4. g3 O-O 5. Bg2 c5 6. O-O d6 7. d4 cxd4 8. Nxd4
Nbd7 9. b3 Nc5 10. Bb2 Qb6 11. e3 Be6 12. Qe2 Rfd8 13. Rac1 a5 14. Nxe6 Nxe6
15. Na4 Qa6 16. Bd4 d5 17. Nc5 Nxc5 18. Bxc5 e5 19. Rfe1 d4 20. exd4 exd4 21.
Red1 Ne8 22. Qe7 Rab8 23. Bd5 Qf6 24. Qxf6 Nxf6 25. Bxd4 Nxd5 26. Bxg7 Kxg7 27.
Rxd5 Rxd5 28. cxd5 Rd8 29. Rd1 f5 30. f4 Kf6 31. Kf2 Re8 32. Rc1 Rd8 33. Rd1
Re8 34. d6 Rd8 35. Ke3 Ke6 36. d7 Rxd7 37. Rxd7 Kxd7 38. Kd4 Kd6 39. Kc4 Kc6
40. a4 h6 41. h4 h5 42. b4 b6 43. b5+ Kd6 44. Kd4 Ke6 45. Kc4 1/2-1/2

[Event "European Youth Chess Championship G12"]
[Site "Prague, Top Hotel Prague"]
[Date "2016.08.24"]
[Round "6.32"]
[White "Simonova, Stela"]
[Black "Van Den Brink, Nienke"]
[Result "1/2-1/2"]
[WhiteElo "1393"]
[BlackElo "1612"]
[PlyCount "59"]
[EventDate "2016.08.18"]

1. e4 e6 2. d4 d5 3. e5 c5 4. c3 Nc6 5. Nf3 Bd7 6. Be2 cxd4 7. cxd4 Bb4+ 8. Bd2
Bxd2+ 9. Nbxd2 f6 10. O-O fxe5 11. dxe5 Nge7 12. Re1 O-O 13. Bd3 Nf5 14. Nb3
Qb6 15. Qd2 Nb4 16. Bxf5 Rxf5 17. Nbd4 Rff8 18. Re3 Nc6 19. Rc1 Nxd4 20. Qxd4
Qxd4 21. Nxd4 Rac8 22. Rec3 Rxc3 23. Rxc3 Rf4 24. Nf3 Bc6 25. Rd3 Rc4 26. Rc3
Rxc3 27. bxc3 h6 28. Kf1 Kf7 29. Ke2 Ke7 30. Nd4 1/2-1/2

[Event "European Youth Chess Championship G12"]
[Site "Prague, Top Hotel Prague"]
[Date "2016.08.24"]
[Round "6.33"]
[White "Lhotska, Anna"]
[Black "Kuhar, Larisa"]
[Result "1-0"]
[WhiteElo "1611"]
[BlackElo "1378"]
[PlyCount "131"]
[EventDate "2016.08.18"]

1. e4 c5 2. Nf3 d6 3. d4 cxd4 4. Nxd4 Nf6 5. Nc3 a6 6. Be3 e5 7. Nb3 Be6 8. f3
Qc7 9. Qd2 h5 10. O-O-O b5 11. h3 Nbd7 12. Be2 b4 13. Nd5 Bxd5 14. exd5 a5 15.
Kb1 Rb8 16. g4 g6 17. f4 a4 18. Nc1 Ne4 19. Qe1 a3 20. Bf3 Nec5 21. fxe5 dxe5
22. Nd3 Na4 23. Bd4 Bd6 24. b3 Nc3+ 25. Bxc3 Qxc3 26. Qxc3 bxc3 27. gxh5 gxh5
28. Rhg1 Kf8 29. Rg5 h4 30. Nf2 f6 31. Rf5 Kf7 32. Ne4 Bb4 33. Bh5+ Ke7 34. d6+
Kd8 35. Nxf6 Nxf6 36. Rxf6 Rb7 37. Bg4 Bc5 38. Rdf1 Re8 39. d7 Rh8 40. Rc6 Rc7
41. Rxc7 Kxc7 42. Rf3 Bd4 43. Kc1 Rg8 44. Kd1 Rh8 45. Ke2 Rg8 46. Kd3 Rh8 47.
Kc4 Rb8 48. Rf6 Ra8 49. Re6 Rb8 50. Re8 Rd8 51. b4 Be3 52. Kxc3 Bg5 53. Kc4 Kc6
54. b5+ Kc7 55. Rxe5 Rg8 56. Re8 Rg6 57. Re6 Rxe6 58. Bxe6 Kb6 59. Kb4 Be7+ 60.
Ka4 Kc5 61. Ka5 Bd8+ 62. Ka6 Bb6 63. c4 Bd8 64. Kb7 Kd6 65. Bg4 Ke7 66. c5 1-0

[Event "European Youth Chess Championship G12"]
[Site "Prague, Top Hotel Prague"]
[Date "2016.08.24"]
[Round "6.34"]
[White "Urbanc, Tina"]
[Black "Pisova, Petra"]
[Result "0-1"]
[WhiteElo "1419"]
[BlackElo "1555"]
[PlyCount "136"]
[EventDate "2016.08.18"]

1. c4 c5 2. Nc3 Nf6 3. Nf3 e6 4. d4 d5 5. e3 b6 6. Be2 Be7 7. O-O O-O 8. Qc2
Bb7 9. Rd1 a6 10. dxc5 bxc5 11. b3 Qc7 12. Bb2 Nc6 13. a3 Rfd8 14. Rac1 Rd7 15.
cxd5 exd5 16. Na4 Ne4 17. Bd3 Rad8 18. Nd2 Ne5 19. Bxe4 dxe4 20. Nf1 Nd3 21.
Rb1 Bc6 22. Ng3 Bxa4 23. bxa4 Nxb2 24. Rxd7 Qxd7 25. Rxb2 Qd3 26. Ra2 c4 27. h3
Bxa3 28. Nxe4 Qxc2 29. Rxc2 Rc8 30. Kf1 f5 31. Ng3 g6 32. Ne2 Kf7 33. Nd4 Ke7
34. Ke2 Kd6 35. Kd2 Bb4+ 36. Kd1 Kd5 37. Ke2 h6 38. g4 fxg4 39. hxg4 Kc5 40.
Ne6+ Kb6 41. f4 Ka5 42. Ra2 Bc3 43. f5 gxf5 44. gxf5 Kb4 45. Nd4 Bxd4 46. exd4
Kb3 47. Ra1 c3 48. Kd1 c2+ 49. Kd2 Rf8 50. Rf1 Kb2 51. f6 Rxf6 52. Rxf6 c1=Q+
53. Kd3 Qd1+ 54. Ke4 Qxa4 55. Rxh6 Kc3 56. Rh3+ Kc4 57. Rh5 Qe8+ 58. Re5 Qg6+
59. Rf5 Qxf5+ 60. Kxf5 Kxd4 61. Kf4 a5 62. Kf3 a4 63. Ke2 a3 64. Kd2 a2 65. Kc2
a1=Q 66. Kb3 Qb1+ 67. Ka3 Kc4 68. Ka4 Qb4# 0-1

[Event "European Youth Chess Championship G12"]
[Site "Prague, Top Hotel Prague"]
[Date "2016.08.24"]
[Round "6.35"]
[White "Desai, Nilomi"]
[Black "Rolinkova, Lucie"]
[Result "1-0"]
[WhiteElo "1511"]
[BlackElo "1274"]
[PlyCount "31"]
[EventDate "2016.08.18"]

1. d4 d5 2. c4 c6 3. Nf3 Nf6 4. g3 dxc4 5. Bg2 c5 6. Qa4+ Nbd7 7. Qxc4 cxd4 8.
Nxd4 Qa5+ 9. Nc3 Qc5 10. Qxc5 Nxc5 11. Ndb5 Na6 12. Be3 e5 13. a3 Be7 14. Nxa7
Bc5 15. Nxc8 Bxe3 16. fxe3 1-0

[Event "European Youth Chess Championship G12"]
[Site "Prague, Top Hotel Prague"]
[Date "2016.08.24"]
[Round "6.36"]
[White "Khachatryan, Nadezhda"]
[Black "Belozerova, Olga"]
[Result "1-0"]
[WhiteElo "1507"]
[BlackElo "1070"]
[PlyCount "69"]
[EventDate "2016.08.18"]

1. d4 Nf6 2. Nc3 g6 3. Bg5 Bg7 4. e4 d6 5. Qd2 O-O 6. O-O-O Nc6 7. f4 e5 8.
dxe5 dxe5 9. Qxd8 Rxd8 10. Rxd8+ Nxd8 11. Bxf6 Bxf6 12. Nd5 Bg7 13. Nxc7 Rb8
14. fxe5 Bxe5 15. Nd5 Be6 16. Nf3 Bg7 17. Bc4 Bxd5 18. exd5 b5 19. Bb3 a5 20.
a3 Nb7 21. Re1 Nc5 22. Ba2 Rc8 23. Re7 Nd3+ 24. Kb1 Nxb2 25. d6 Na4 26. Bxf7+
Kf8 27. Be6 Nc3+ 28. Kc1 Re8 29. Rf7+ Kg8 30. d7 Rd8 31. Ng5 Kh8 32. Re7 Rf8
33. Re8 Rxe8 34. dxe8=Q+ Bf8 35. Qxf8# 1-0

[Event "European Youth Chess Championship G12"]
[Site "Prague, Top Hotel Prague"]
[Date "2016.08.24"]
[Round "6.38"]
[White "Sawhney, Anisha"]
[Black "Villanyi, Alexia"]
[Result "1-0"]
[WhiteElo "1301"]
[BlackElo "1439"]
[PlyCount "87"]
[EventDate "2016.08.18"]

1. d4 Nf6 2. Bf4 g6 3. Nf3 Bg7 4. e3 d6 5. Bd3 Nbd7 6. h3 c5 7. c3 a6 8. Nbd2
b5 9. a3 Qb6 10. Qe2 Bb7 11. O-O O-O 12. Kh1 c4 13. Bc2 h6 14. Rg1 Nd5 15. Bh2
g5 16. e4 Nc7 17. e5 Ne6 18. Bf5 Rae8 19. Nxg5 Nxg5 20. Bxd7 Rd8 21. Bf5 Qc6
22. f4 Ne6 23. Be4 Qc7 24. Bxb7 Qxb7 25. f5 Ng5 26. exd6 exd6 27. Nf3 Rfe8 28.
Qf2 Ne4 29. Qc2 Qd5 30. Rgf1 Qxf5 31. Rac1 Qd5 32. Nd2 Ng5 33. Rf5 Qb7 34. Rcf1
Re2 35. R5f2 Rde8 36. h4 Nh3 37. Rf3 Re1 38. Rxe1 Rxe1+ 39. Nf1 Qd5 40. Qf5
Qxf5 41. Rxf5 Re2 42. gxh3 Rxb2 43. Bxd6 Rb3 44. Bb4 1-0

[Event "European Youth Chess Championship G12"]
[Site "Prague, Top Hotel Prague"]
[Date "2016.08.24"]
[Round "6.40"]
[White "Ruzic, Pia Marie"]
[Black "Bilic, Marijana"]
[Result "1-0"]
[WhiteElo "1353"]
[BlackElo "1739"]
[PlyCount "93"]
[EventDate "2016.08.18"]

1. c4 Nf6 2. Nc3 e6 3. g3 a6 4. Bg2 c5 5. Nf3 Nc6 6. O-O Be7 7. b3 O-O 8. Bb2
b6 9. d4 cxd4 10. Nxd4 Qc7 11. e4 Bb7 12. Re1 d6 13. Qd2 Rfd8 14. Rad1 Rac8 15.
Qe3 Nxd4 16. Qxd4 Bc6 17. Rd2 h6 18. Red1 Rd7 19. Ba3 Qb8 20. Qe3 b5 21. cxb5
axb5 22. Bb4 Bf8 23. Rd3 Ng4 24. Qd2 Rcd8 25. a4 bxa4 26. Nxa4 Bxa4 27. bxa4
Qb6 28. Ba5 Qa7 29. Bxd8 Rxd8 30. Ra1 Be7 31. h3 Ne5 32. Rb3 Bf6 33. Ra2 Nc4
34. Qb4 Qd4 35. Bf1 d5 36. exd5 exd5 37. Rc2 Rc8 38. Rbc3 Qa7 39. Rb3 Qd4 40.
Qb7 Rd8 41. Rd3 Qe5 42. Rd1 Qe4 43. Bd3 Qf3 44. Be2 Qe4 45. Rxc4 dxc4 46. Rxd8+
Bxd8 47. Qxe4 1-0

[Event "European Youth Chess Championship G12"]
[Site "Prague, Top Hotel Prague"]
[Date "2016.08.24"]
[Round "6.41"]
[White "Garau, Francesca"]
[Black "Stastna, Martina"]
[Result "1/2-1/2"]
[WhiteElo "1621"]
[BlackElo "1423"]
[PlyCount "77"]
[EventDate "2016.08.18"]

1. e4 e5 2. Nf3 Nc6 3. Bc4 Bc5 4. c3 Nf6 5. d3 d6 6. h3 Be6 7. Bb3 Qe7 8. O-O
h6 9. Re1 g5 10. Nh2 O-O-O 11. Be3 Bxe3 12. fxe3 h5 13. Nd2 Rdg8 14. Rf1 h4 15.
Bxe6+ Qxe6 16. Qf3 Rh6 17. Ng4 Nxg4 18. Qxg4 Qxg4 19. hxg4 f6 20. Rf3 Nd8 21.
Raf1 Rgg6 22. d4 exd4 23. exd4 Ne6 24. Kh2 Nf4 25. R1f2 Kd7 26. Nb3 b6 27. Nc1
Ke6 28. Ne2 Nxe2 29. Rxe2 Rg8 30. e5 dxe5 31. dxe5 fxe5 32. Rf5 Rhg6 33. Rexe5+
Kd6 34. Kg1 a6 35. c4 c6 36. b4 R8g7 37. a4 Kc7 38. Kf2 Kb7 39. b5 1/2-1/2

[Event "European Youth Chess Championship G12"]
[Site "Prague, Top Hotel Prague"]
[Date "2016.08.24"]
[Round "6.42"]
[White "Maione, Melissa"]
[Black "Datelova, Daniela"]
[Result "1-0"]
[WhiteElo "1494"]
[BlackElo "1340"]
[PlyCount "89"]
[EventDate "2016.08.18"]

1. e4 d5 2. exd5 Nf6 3. Nf3 Nxd5 4. d4 Bf5 5. c4 Nb6 6. Nc3 e6 7. a3 Nc6 8. d5
exd5 9. cxd5 Ne7 10. Bb5+ Bd7 11. d6 Bxb5 12. Nxb5 Ned5 13. Qe2+ Kd7 14. Ne5+
Kc8 15. Nxf7 Qd7 16. Nxh8 c6 17. Nd4 Bxd6 18. O-O Kc7 19. Ne6+ Kb8 20. Re1 Qe8
21. Nxg7 Qxh8 22. Qe8+ Qxe8 23. Nxe8 Bc5 24. Bg5 Kc8 25. Re6 Kd7 26. Rae1 Nc4
27. Nf6+ Nxf6 28. Bxf6 Kc7 29. Be5+ Kb6 30. b4 Bf8 31. Bd4+ Ka6 32. Bc5 Bxc5
33. bxc5 Rd8 34. R6e4 Na5 35. Kf1 Rd5 36. Re5 Rd3 37. R1e3 Rd2 38. Re2 Rd1+ 39.
Re1 Rd2 40. R5e2 Rd3 41. a4 Rc3 42. Re5 Rc2 43. Rh5 Rc4 44. Rxh7 Rxa4 45. f3
1-0

[Event "European Youth Chess Championship G12"]
[Site "Prague, Top Hotel Prague"]
[Date "2016.08.24"]
[Round "6.43"]
[White "Maziukaite, Kristina"]
[Black "Basovskiy, Jana"]
[Result "0-1"]
[WhiteElo "1323"]
[BlackElo "1488"]
[PlyCount "62"]
[EventDate "2016.08.18"]

1. d4 d5 2. c4 e6 3. Nf3 Nf6 4. Nc3 Be7 5. Bg5 O-O 6. e3 c6 7. Qc2 b6 8. cxd5
cxd5 9. Be2 Bb7 10. Rc1 Nbd7 11. Qd3 Rc8 12. O-O h6 13. Bh4 a6 14. Rc2 b5 15.
a3 Nb6 16. Ne5 Nc4 17. Ng4 Nxg4 18. Bxe7 Qxe7 19. Bxg4 Qg5 20. Bh3 Rfd8 21. Ra1
Rc6 22. Rac1 Rdc8 23. Kh1 Qd8 24. Kg1 Qa5 25. g3 Nxb2 26. Rxb2 Rxc3 27. Rxc3
Rxc3 28. Qe2 Rxa3 29. Qf3 Ra1+ 30. Kg2 Qe1 31. Qf4 Qh1# 0-1

[Event "European Youth Chess Championship G12"]
[Site "Prague, Top Hotel Prague"]
[Date "2016.08.24"]
[Round "6.44"]
[White "Qasem, Huda"]
[Black "Burdot, Clara"]
[Result "1/2-1/2"]
[WhiteElo "1459"]
[BlackElo "1094"]
[PlyCount "88"]
[EventDate "2016.08.18"]

1. e4 d5 2. exd5 Qxd5 3. Nc3 Qd6 4. d4 Nf6 5. Bc4 a6 6. Nf3 Bg4 7. h3 Bh5 8.
Be3 Nc6 9. g4 Bg6 10. Qe2 Na5 11. Ne5 Nxc4 12. Qxc4 e6 13. Bf4 Qb6 14. O-O-O
Bd6 15. Qa4+ Ke7 16. g5 Nd5 17. Nxd5+ exd5 18. Qd7+ Kf8 19. Rhe1 Bh5 20. Rd3
Qa5 21. Rde3 Kg8 22. Nc6 bxc6 23. Bxd6 h6 24. Qxc6 Kh7 25. Qxc7 Qxa2 26. Ra3
Qc4 27. Qxc4 dxc4 28. gxh6 Kxh6 29. Re5 Rhd8 30. Bc5 f6 31. Re6 Rd5 32. Raxa6
Rxa6 33. Rxa6 Rf5 34. Ra4 Bf7 35. Ra7 Kg6 36. Rd7 Rxf2 37. Bf8 Rh2 38. d5 Rxh3
39. d6 Rh8 40. Be7 Be6 41. Rc7 Kf7 42. Bd8+ Kg6 43. Be7 Kf7 44. Kd2 g5 1/2-1/2